000 00863nam a22002177a 4500
008 240702b mp ||||| |||| 00| 0 mon d
035 _a8084
040 _aSU1322070
_bmon
_cMN-UlNLM
_dMN-UlNLM
_erda
041 _amon
042 _a42165
084 _2NNA
_a84(7Кол)
_bМ-263
100 _aМаркес Г Г.
245 0 _aАлдагдсан цагийн тэнгис
264 _aУлаанбаатар хот
_bМөнхийн үсэг групп
300 _a100х.
336 _2rdacontent
_atext
_btxt
337 _2rdamedia
_aunmediated
_bn
338 _2rdacarrier
_avolume
_bnc
650 _aГарчиг : Ирендира охины итгэмээргүй гунигт түүх Хиймэл сарнай Нэгэн өдрийн явдал Алдагдсан цагийн тэнгис Зургаан цагт ирсэн...
942 _2NNA
_cBK
999 _c1066234
_d1066291